000 00462cam a2200181ua 4500
003 OSt
008 241218b |||||||| |||| 00| 0 eng d
020 _a81-224-0073-6
041 _aeng
082 _a621.31
_bWAD/GE
100 _aWadhwa, C.L .
_96505
245 _aGeneration distribution and utilization of electrical energy /
250 _a1 /
260 _a :
_bNew Age International Ltd ,
_c1997.
300 _a391 ; .
500 _a*CSS
942 _cBK
999 _c2028
_d2028